Biggest Trading Partners - Egypt - Statistics

General Stats
  • This quiz has been taken 28 times
  • The average score is 26 of 30
Answer Stats
Exports Country % Correct
1.18 bil United States
100%
5.26 bil United States
100%
3.74 bil China
96%
2.21 bil Russia
96%
1.11 bil Saudi Arabia
96%
3.01 bil Saudi Arabia
96%
0.74 bil France
93%
1.05 bil France
93%
1.63 bil India
93%
1.52 bil India
93%
2.60 bil Italy
93%
2.49 bil Italy
93%
1.44 bil Spain
93%
0.46 bil Sudan
93%
0.73 bil Turkey
93%
0.93 bil Turkey
93%
0.87 bil United Kingdom
93%
1.23 bil United Kingdom
93%
2.76 bil Germany
89%
0.86 bil Japan
89%
1.68 bil Japan
89%
0.69 bil Libya
89%
0.62 bil South Korea
78%
0.91 bil South Korea
78%
0.58 bil Jordan
74%
1.46 bil Netherlands
74%
0.46 bil Belgium
70%
1.39 bil Brazil
67%
1.98 bil Ukraine
59%
1.59 bil Kuwait
52%
No matching quizzes found
Score Distribution
Percent of People with Each Score
Percentile by Number Answered
Your Score History
You have not taken this quiz